Digiděti : jak pečovat o děti, o něž současně pečují digitální technologie? /
Příručka pro rodiče hledá rovnováhu v digitálním světě: kolik času s obrazovkami je tak akorát, kdy koupit dětem první telefon, jak v domácnosti nastavit pravidla používání obrazovek nebo jaká nebezpečí síť přináší a jak ji používat smysluplně.
Uloženo v:
| Hlavní autor: | |
|---|---|
| Médium: | E-audiokniha |
| Jazyk: | Czech |
| Vydáno: |
Brno :
Jota,
2023
|
| Vydání: | První vydání |
| Témata: | |
| On-line přístup: | Plný text |
| Tagy: |
Žádné tagy |
| LEADER | 03648nam a2200817 i 4500 | ||
|---|---|---|---|
| 001 | 302550 | ||
| 003 | CZ PrSKC | ||
| 005 | 20260513063243.0 | ||
| 007 | ta | ||
| 008 | 230206s2023 xr e f 000 0 cze | ||
| 015 | |a cnb003499452 | ||
| 020 | |a 9788076890596 |q (brožováno) | ||
| 035 | |a (OCoLC)1375350767 | ||
| 040 | |a OLA001 |b cze |e rda | ||
| 072 | 7 | |a 37 |x Výchova a vzdělávání |2 Konspekt | |
| 080 | |a 004.946(1) |2 MRF | ||
| 080 | |a 004-027.22 |2 MRF | ||
| 080 | |a 173.5/.7 |2 MRF | ||
| 080 | |a 37.015.311-053.2 |2 MRF | ||
| 080 | |a (0.062) |2 MRF | ||
| 100 | 1 | |a Kršňák, Jan, |d 1979- |7 xx0221671 |4 aut | |
| 245 | 1 | 0 | |a Digiděti : |b jak pečovat o děti, o něž současně pečují digitální technologie? / |c Jan Kršňák |
| 250 | |a První vydání | ||
| 264 | 1 | |a Brno : |b Jota, |c 2023 | |
| 300 | |a 293 stran ; |c 21 cm | ||
| 336 | |a text |b txt |2 rdacontent | ||
| 337 | |a bez média |b n |2 rdamedia | ||
| 338 | |a svazek |b nc |2 rdacarrier | ||
| 504 | |a Obsahuje bibliografii | ||
| 520 | 2 | |a Příručka pro rodiče hledá rovnováhu v digitálním světě: kolik času s obrazovkami je tak akorát, kdy koupit dětem první telefon, jak v domácnosti nastavit pravidla používání obrazovek nebo jaká nebezpečí síť přináší a jak ji používat smysluplně. | |
| 650 | 0 | 7 | |a kyberprostor |7 ph114801 |2 czenas |
| 650 | 0 | 7 | |a digitální technologie |7 ph606726 |2 czenas |
| 650 | 0 | 7 | |a výchova dítěte |7 ph127420 |2 czenas |
| 650 | 0 | 7 | |a rodiče a děti |7 ph116053 |2 czenas |
| 650 | 0 | 9 | |a cyberspace |2 eczenas |
| 650 | 0 | 9 | |a digital technologies |2 eczenas |
| 650 | 0 | 9 | |a child rearing |2 eczenas |
| 650 | 0 | 9 | |a parents and children |2 eczenas |
| 655 | 7 | |a populárně-naučné publikace |7 fd131864 |2 czenas | |
| 655 | 9 | |a popular works |2 eczenas | |
| 856 | 4 | 1 | |u https://www.bookport.cz/kniha/digideti-11289/ |y Plný text |4 N |
| 900 | |a ABA001 |b 19 | ||
| 044 | |a xr | ||
| 505 | 0 | 0 | |t 01_intro (23 min., 30 sek.) |
| 505 | 0 | 0 | |t 02_jak_si_zijeme_ve_spolecnosti_stroju (27 min., 50 sek.) |
| 505 | 0 | 0 | |t 03_more_duvery (20 min., 39 sek.) |
| 505 | 0 | 0 | |t 04_more_dvou_proudu (15 min., 5 sek.) |
| 505 | 0 | 0 | |t 05_more_posledni_generace (29 min., 7 sek.) |
| 505 | 0 | 0 | |t 06_lidskost_digi_deti (28 min., 38 sek.) |
| 505 | 0 | 0 | |t 07_more_nudy (29 min., 56 sek.) |
| 505 | 0 | 0 | |t 08_skola_jako_informacni_mediem (24 min., 47 sek.) |
| 505 | 0 | 0 | |t 09_more_skolniho_traumatu (22 min., 54 sek.) |
| 505 | 0 | 0 | |t 10_obrazovky_v_domacnosti (30 min., 9 sek.) |
| 505 | 0 | 0 | |t 11_more_zavislosti (21 min., 6 sek.) |
| 505 | 0 | 0 | |t 12_rodina_dohoda_o_uklidu_technologii (18 min., 11 sek.) |
| 505 | 0 | 0 | |t 13_svet_v_detskych_ocich (31 min., 27 sek.) |
| 505 | 0 | 0 | |t 14_more_videni (40 min., 34 sek.) |
| 505 | 0 | 0 | |t 15_digitalni_identita (30 min., 31 sek.) |
| 505 | 0 | 0 | |t 16_bezedne_hledani_sebe_sama (36 min., 38 sek.) |
| 505 | 0 | 0 | |t 17_poznavani_v_informacnim_oceanu (29 min., 7 sek.) |
| 505 | 0 | 0 | |t 18_more_informacniho_parkouru (30 min., 25 sek.) |
| 505 | 0 | 0 | |t 19_more_ziveho_vzdelani (27 min., 45 sek.) |
| 505 | 0 | 0 | |t 20_o_dusi (18 min., 6 sek.) |
| 505 | 0 | 0 | |t 21_ocean_nejvetsi_pocitacove_hry_na_svete (19 min., 14 sek.) |
| 505 | 0 | 0 | |t 22_detska_duse (34 min., 53 sek.) |
| 505 | 0 | 0 | |t 23_pece_o_zivot (21 min., 43 sek.) |
| 505 | 0 | 0 | |t 24_uklid_sveta_a_cloveka (36 min., 5 sek.) |
| 505 | 0 | 0 | |t 25_ghosting (21 min., 45 sek.) |
| 910 | |a RBIT002 | ||
| 998 | |d 375435 |a https://core.palmknihy.cz/api/books/375435/cover?tdxfw5 |b https://core.palmknihy.cz/api/books/375435/cover/400?tdxfw5 |c https://core.palmknihy.cz/api/books/375435/cover/50?tdxfw5 |e 2031-12-31 |i 9788076890596 |l 40205 |q 49 |r 1 |s https://www.palmknihy.cz/kniha/375435 |t audiobook |y 2023 |z 0 | ||
| 999 | |d 302548 | ||